| 000 | 00420nam a2200193Ia 4500 | ||
|---|---|---|---|
| 999 |
_c5535 _d5535 |
||
| 003 | 0100 | ||
| 008 | 130227s9999 xx 000 0 und d | ||
| 040 | _cARRUPELIB | ||
| 050 | _aDT779.7M35 | ||
| 100 |
_aMandela, Nelson _931485 |
||
| 245 | _aNo easy walk to freedom / | ||
| 260 |
_aHarare _bZPH _c1965 |
||
| 300 | _axiv | ||
| 300 | _b 189p. 19cm. | ||
| 650 |
_aApartheid _xSouth Africa _930269 |
||
| 650 |
_aSouth Africa _xRace Relations _929009 |
||
| 942 |
_2lcc _03 _cMONOGRAPH |
||